| 000 | 01792cam a2200409 4500 | ||
|---|---|---|---|
| 001 | M1411 | ||
| 008 | 090401t1993 xxu||||| |||| 00| 0 eng d | ||
| 035 | _a(Sirsi) u31765 | ||
| 041 | _aeng | ||
| 050 | _a630 | ||
| 090 | _aRICS 1993/28AC | ||
| 110 |
_aRoyal Institution of Chartered Surveyors _94900 |
||
| 245 | _aAnnual conference: Rural Practice - Fit for the Future...held at Royal Agricultural College, Cirencester on Friday 23 April & Saturday 24 April 1993... | ||
| 260 |
_aLondon _bRICS _c1993 |
||
| 300 | _a13 items in folder ; 30cm. | ||
| 350 | _a0 | ||
| 520 | _aPapers: - Keynote address/ EARL OF CRANBROOK - The challenge of the market / JONAS, CHRISTOPHER - The work of the Rural Development Commission/ LORD SHUTTLEWORTH - Management plans and local plans/ HAYWOOD, ANN - Contaminated land: the impact of the EPA on rural land management/ STONE, ROGER & HAWKINS, RICHARD - Policy on the supply and availability of Ordnance Survey information over the next five years/ RHIND, DAVID - Tenancies and taxation/ JOSELAND, PAUL - Farming arrangements and tenancies/ PYM, ANDREW. | ||
| 650 | _aPROPERTY-LANDLORD AND TENANT-TENANCIES-AGRICULTURAL TENANCIES | ||
| 650 | _aBROADLANDS ESTATE | ||
| 650 | _aABOUT RICS-RICS MEMBERS | ||
| 650 | _aCONFERENCES | ||
| 650 | _aCONTAMINATED LAND | ||
| 650 | _aENVIRONMENTAL PROTECTION ACT 1990 | ||
| 650 | _aFIT FOR THE FUTURE | ||
| 650 | _aLANDED ESTATES | ||
| 650 | _aLOCAL DEVELOPMENT PLANS | ||
| 650 | _aMANAGEMENT PLANS | ||
| 650 | _aMARKETING | ||
| 650 | _aORDNANCE SURVEY | ||
| 650 | _aRURAL DEVELOPMENT COMMISSION | ||
| 650 | _aRURAL PRACTICE DIVISION | ||
| 650 | _aTAXATION | ||
| 690 | _aRURAL PRACTICE | ||
| 710 | _aCentral Association of Agricultural Valuers | ||
| 942 | _n0 | ||
| 948 | _c04/03/1997 | ||
| 999 |
_c89624 _d89624 |
||